[Event "45th Olympiad 2024"]
[Site "Budapest HUN"]
[Date "2024.09.11"]
[Round "1.12"]
[Board "4"]
[White "Anas Khwaira"]
[Black "Mamedyarov, Shakhriyar"]
[Result "1/2-1/2"]
[BlackTitle "GM"]
[WhiteElo "1994"]
[BlackElo "2733"]
[WhiteTeam "Jordan"]
[BlackTeam "Azerbaijan"]
[WhiteFideId "8117683"]
[BlackFideId "13401319"]
[EventDate "2024.09.11"]

1. d4 Nf6 2. c4 e6 3. Nc3 Bb4 4. a3 Bxc3+ 5. bxc3 Nc6 6. f3 d5 7. cxd5 exd5 8.
e3 Bf5 9. Ne2 h5 10. Ng3 Bg6 11. Bd3 h4 12. Ne2 Bxd3 13. Qxd3 O-O 14. O-O Re8
15. Ra2 Na5 16. Nf4 c5 17. Re2 Nb3 18. Bb2 Qd6 19. Rfe1 cxd4 20. cxd4 Na5 21.
Bc3 Nc4 22. Bb4 Qc6 23. e4 dxe4 24. fxe4 Rad8 25. Nd5 Nh5 26. Rc2 Rc8 27. Ne7+
Rxe7 28. Bxe7 Nf4 29. Qf1 Ng6 30. Bb4 b5 31. Rf2 Qd7 32. Bc5 a6 33. Qe2 h3 34.
g3 Qe6 35. Qh5 Nce5 36. Ref1 Rc7 37. Qf5 Ng4 38. Qxe6 fxe6 39. Re2 Rc8 40. Bb4
Rd8 41. Bc5 Rc8 42. Rc1 Nf6 43. Kf2 Rc7 44. Ke1 Nh8 45. Kd2 Nf7 46. Kd3 Rd7 47.
Kc3 Ng5 48. Rce1 Rc7 49. Kb4 Nf3 1/2-1/2

[Event "45th Olympiad 2024"]
[Site "Budapest HUN"]
[Date "2024.09.11"]
[Round "1.13"]
[Board "1"]
[White "Smith, Shreyas"]
[Black "Anton Guijarro, David"]
[Result "0-1"]
[WhiteTitle "FM"]
[BlackTitle "GM"]
[WhiteElo "2226"]
[BlackElo "2665"]
[WhiteTeam "Jamaica"]
[BlackTeam "Spain"]
[WhiteFideId "7400713"]
[BlackFideId "2285525"]
[EventDate "2024.09.11"]

1. e4 c5 2. Nf3 Nc6 3. Bb5 e6 4. Bxc6 bxc6 5. d3 Ne7 6. Nh4 Ng6 7. Nxg6 hxg6 8.
Qe2 d5 9. b3 a5 10. c4 a4 11. Bb2 d4 12. Nd2 Qa5 13. Rd1 g5 14. e5 f5 15. exf6
gxf6 16. Qf3 Kf7 17. Qxc6 Rb8 18. O-O Qd8 19. Qf3 Bb7 20. Qe2 Bd6 21. h3 Bc7 22.
Rde1 Qd6 23. f4 gxf4 24. Ne4 Bxe4 25. Qxe4 axb3 26. axb3 Rxb3 27. Bc1 e5 28. Re2
Rb6 29. Ra2 Bb8 30. Ra5 Qc6 31. Qf5 Rg8 32. Qh5+ Rg6 33. Ra2 Kg7 34. Re2 Rg5 35.
Qh4 Qd7 36. Rfe1 Qf5 37. g4 Qh7 38. Qxh7+ Kxh7 39. Kg2 Rb3 40. Rb2 Rxb2+ 41.
Bxb2 Rg7 42. Ba3 Bd6 43. Rb1 Ra7 44. Rb3 Kg6 45. Kf3 Kg5 46. Bb2 Rh7 47. Kg2 f5
48. gxf5 Kxf5 49. Rb6 Be7 50. Rb7 e4 51. dxe4+ Kxe4 52. Ba3 d3 0-1

[Event "45th Olympiad 2024"]
[Site "Budapest HUN"]
[Date "2024.09.11"]
[Round "1.13"]
[Board "3"]
[White "Shaw, Jaden"]
[Black "Pichot, Alan"]
[Result "0-1"]
[WhiteTitle "FM"]
[BlackTitle "GM"]
[WhiteElo "2051"]
[BlackElo "2628"]
[WhiteTeam "Jamaica"]
[BlackTeam "Spain"]
[WhiteFideId "7402880"]
[BlackFideId "110973"]
[EventDate "2024.09.11"]

1. e4 c5 2. Nf3 d6 3. Bb5+ Bd7 4. Bxd7+ Nxd7 5. O-O e6 6. c4 Ne5 7. d3 Ne7 8.
Ne1 d5 9. exd5 exd5 10. Nf3 N5c6 11. cxd5 Nxd5 12. Qb3 Qd7 13. Nc3 O-O-O 14. Rd1
Be7 15. d4 Qe6 16. Bg5 Bxg5 17. Nxg5 Qf5 18. Nf3 Nf4 19. dxc5 Nxg2 20. Nb5 Nf4
21. Kh1 Nd3 22. Rxd3 Qxd3 23. Nd6+ Rxd6 24. cxd6 Qxb3 25. axb3 Kd7 26. Rd1 f6
27. Rd5 Re8 28. b4 Re2 29. b5 Nd8 30. b4 Rxf2 31. Nd4 Rd2 32. b6 axb6 33. b5 Ne6
34. Nxe6 Rxd5 35. Nxg7 Rxb5 36. h4 Re5 37. h5 b5 38. h6 b4 39. Kg2 b3 40. Kf3 b2 0-1

[Event "45th Olympiad 2024"]
[Site "Budapest HUN"]
[Date "2024.09.11"]
[Round "1.13"]
[Board "4"]
[White "Santos Latasa, Jaime"]
[Black "McKennis, Darren"]
[Result "1-0"]
[WhiteTitle "GM"]
[WhiteElo "2624"]
[BlackElo "1905"]
[WhiteTeam "Spain"]
[BlackTeam "Jamaica"]
[WhiteFideId "2293307"]
[BlackFideId "7402872"]
[EventDate "2024.09.11"]

1. c4 c6 2. Nf3 d5 3. e3 Nf6 4. Nc3 e6 5. b3 Bd6 6. Bb2 Nbd7 7. Qc2 O-O 8. Be2
a6 9. d4 dxc4 10. bxc4 c5 11. O-O Qc7 12. d5 exd5 13. Nxd5 Nxd5 14. cxd5 Re8 15.
a4 b6 16. Rfd1 Nf8 17. h3 Bd7 18. Nd2 Be5 19. Bxe5 Qxe5 20. Nc4 Qf6 21. a5 Bf5
22. Qc1 Nd7 23. axb6 Nxb6 24. Ra5 Nd7 25. f3 Qg5 26. e4 Qxc1 27. Rxc1 Bg6 28. g4
f6 29. Rca1 Reb8 30. Rxa6 Rxa6 31. Rxa6 Kf8 32. Ra7 Ke7 33. Kf2 Bf7 34. Na5 Rb6
35. Nb7 Ke8 36. Bb5 Bg6 37. Bc6 1-0

[Event "45th Olympiad 2024"]
[Site "Budapest HUN"]
[Date "2024.09.11"]
[Round "1.14"]
[Board "1"]
[White "Bacrot, Etienne"]
[Black "Espinoza Solano, Jose Nahum"]
[Result "1-0"]
[WhiteTitle "GM"]
[BlackTitle "FM"]
[WhiteElo "2665"]
[BlackElo "2156"]
[WhiteTeam "France"]
[BlackTeam "Nicaragua"]
[WhiteFideId "605506"]
[BlackFideId "6104428"]
[EventDate "2024.09.11"]

1. e4 e5 2. Nf3 Nc6 3. Bb5 d6 4. d4 Bd7 5. Nc3 exd4 6. Nxd4 Nf6 7. O-O Be7 8.
Bxc6 bxc6 9. b3 O-O 10. Bb2 Re8 11. Qd3 c5 12. Nde2 Bf8 13. Nf4 Bc6 14. Ncd5
Nxe4 15. Rfe1 Bxd5 16. Nxd5 c6 17. Rxe4 cxd5 18. Rxe8 Qxe8 19. Qxd5 Rd8 20. Qd3
d5 21. Bc3 Qe4 22. Re1 Qxd3 23. cxd3 Bd6 24. Kf1 Kf8 25. h3 f6 26. Ba5 Re8 27.
Rc1 Ke7 28. d4 Rc8 29. dxc5 Rxc5 30. Bd2 Rxc1+ 31. Bxc1 Kd7 32. Ke2 a6 33. Kd3
Kc6 34. Bb2 Bc5 35. f4 Bd6 36. f5 Bc5 37. g4 Bd6 38. Ke3 Kb5 39. g5 Be7 40. Kd3
Kc6 41. gxf6 gxf6 42. a4 Kd7 43. Bd4 Kc6 44. Bc3 Bd8 45. Bd4 Be7 46. Ke2 Kd7 47.
Kf3 Kd8 48. Kg4 Ke8 49. Bc3 Bd8 50. b4 Kd7 51. Kh5 d4 52. Bxd4 Kd6 53. Kh6 Kd5
54. Kxh7 Kxd4 55. h4 Kc4 56. h5 Bb6 57. h6 Be3 58. b5 1-0

[Event "45th Olympiad 2024"]
[Site "Budapest HUN"]
[Date "2024.09.11"]
[Round "1.14"]
[Board "2"]
[White "Alfaro, William"]
[Black "Maurizzi, Marc'Andria"]
[Result "0-1"]
[WhiteTitle "FM"]
[BlackTitle "GM"]
[WhiteElo "2133"]
[BlackElo "2595"]
[WhiteTeam "Nicaragua"]
[BlackTeam "France"]
[WhiteFideId "6100457"]
[BlackFideId "36083534"]
[EventDate "2024.09.11"]

1. d4 Nf6 2. c4 e6 3. Nf3 c5 4. d5 d6 5. Nc3 exd5 6. cxd5 g6 7. h3 Bg7 8. e4 O-O
9. Bd3 Nbd7 10. O-O a6 11. a4 Ne8 12. Bf4 b6 13. Qe2 Qe7 14. Rae1 Ne5 15. Nxe5
dxe5 16. Be3 Qc7 17. Rc1 Nd6 18. Na2 f5 19. f3 a5 20. b3 f4 21. Bf2 g5 22. Nc3
h5 23. Nb5 Qd8 24. Nxd6 Qxd6 25. Bb5 Bf6 26. Rfd1 Ra7 27. Kf1 g4 28. hxg4 hxg4
29. Ke1 Bd8 30. Kd2 Rg7 31. Kc2 Rf6 32. Kb1 Rh6 33. Ba6 Bd7 34. Bb5 Rh2 35. Bxd7
Qxd7 36. Rh1 Rxg2 37. Rcg1 Rxg1+ 38. Rxg1 g3 39. Be1 Qh3 40. Qb5 Qd7 41. Bc3
Qxb5 42. axb5 Bc7 43. Kc2 Bd6 44. Kd3 Rh7 45. Kc4 Kf7 46. Bxa5 bxa5 47. b6 Ke7
48. Kb5 Kd7 49. Ra1 g2 50. Rxa5 Bb8 51. Ra8 Kc8 52. Kc6 Rh6+ 0-1

[Event "45th Olympiad 2024"]
[Site "Budapest HUN"]
[Date "2024.09.11"]
[Round "1.14"]
[Board "3"]
[White "Fressinet, Laurent"]
[Black "Rocha, Maximiliano"]
[Result "1/2-1/2"]
[WhiteTitle "GM"]
[BlackTitle "FM"]
[WhiteElo "2616"]
[BlackElo "2156"]
[WhiteTeam "France"]
[BlackTeam "Nicaragua"]
[WhiteFideId "608742"]
[BlackFideId "6100775"]
[EventDate "2024.09.11"]

1. d4 d5 2. c4 e6 3. Nf3 Nf6 4. Nc3 h6 5. g3 Nc6 6. Bg2 Bd6 7. O-O O-O 8. c5 Be7
9. Bf4 b6 10. cxb6 cxb6 11. Ne5 Bb7 12. Rc1 Rc8 13. h4 Nh5 14. Be3 Nf6 15. Qd3
Nd7 16. f4 Na5 17. Bf2 Nc4 18. Nxc4 dxc4 19. Qd1 Bxg2 20. Kxg2 Nf6 21. e4 h5 22.
Qf3 Bb4 23. Ne2 Qd7 24. a3 Ba5 25. Be1 Bxe1 26. Rfxe1 b5 27. e5 Ng4 28. Rcd1 a5
29. Nc3 b4 30. Ne4 Rc6 31. Nc5 Qc8 32. axb4 1/2-1/2

[Event "45th Olympiad 2024"]
[Site "Budapest HUN"]
[Date "2024.09.11"]
[Round "1.14"]
[Board "4"]
[White "Sanchez, Steven"]
[Black "Lagarde, Maxime"]
[Result "0-1"]
[BlackTitle "GM"]
[WhiteElo "2072"]
[BlackElo "2598"]
[WhiteTeam "Nicaragua"]
[BlackTeam "France"]
[WhiteFideId "6102352"]
[BlackFideId "662399"]
[EventDate "2024.09.11"]

1. d4 Nf6 2. Bf4 d6 3. Nf3 Nbd7 4. Nc3 c5 5. e3 a6 6. a4 d5 7. Ne5 e6 8. Be2 Qb6
9. Ra2 Bd6 10. a5 Qc7 11. Bb5 O-O 12. Bxd7 Nxd7 13. Nxd7 Bxd7 14. Bxd6 Qxd6 15.
O-O Qc7 16. f4 f5 17. Rf2 Rfc8 18. h3 b6 19. g4 fxg4 20. Qxg4 cxd4 21. exd4 Rf8
22. f5 exf5 23. Qf3 Rae8 24. axb6 Qxb6 25. Nxd5 Re1+ 26. Kh2 Qxd4 27. Rxa6 Kh8
28. Rd6 Be6 29. Qf4 Re4 30. Qd2 Qe5+ 31. Nf4 Bg8 32. Kg2 Qxb2 33. Rd3 Rc8 34.
Qd1 Rxf4 35. Rxf4 Rxc2+ 36. Kf3 Qb7+ 37. Ke3 Qe7+ 38. Kf3 Qc5 39. Kg3 Qc7 40.
Kf3 Qc6+ 41. Ke3 Qe8+ 42. Kf3 Qh5+ 43. Kg3 Qg5+ 44. Rg4 f4+ 45. Kf3 Qc5 46. Qg1
Bd5+ 47. Rxd5 Qxd5+ 48. Kxf4 g5+ 49. Rxg5 Rc4+ 50. Ke3 Qe4+ 51. Kf2 Qf4+ 52. Ke2
Re4+ 53. Kd1 Qf3+ 0-1

[Event "45th Olympiad 2024"]
[Site "Budapest HUN"]
[Date "2024.09.11"]
[Round "1.15"]
[Board "1"]
[White "Barbaria, Yacine"]
[Black "Volokitin, Andrei"]
[Result "0-1"]
[BlackTitle "GM"]
[WhiteElo "2179"]
[BlackElo "2660"]
[WhiteTeam "Tunisia"]
[BlackTeam "Ukraine"]
[WhiteFideId "5501245"]
[BlackFideId "14107090"]
[EventDate "2024.09.11"]

1. e4 c5 2. Nc3 e6 3. f4 d5 4. Bb5+ Bd7 5. Bxd7+ Qxd7 6. d3 Nc6 7. Nf3 g6 8. O-O
Nge7 9. Qe1 Bg7 10. Bd2 Nd4 11. Rc1 O-O 12. Ne5 Qd6 13. Ne2 dxe4 14. Nxd4 Qxd4+
15. Be3 Qxb2 16. Bxc5 Rfe8 17. Qxe4 Nd5 18. c4 f5 19. Qd4 Qxd4+ 20. Bxd4 Nb4 21.
Rb1 a5 22. a3 Nxd3 23. Rxb7 Red8 24. Bb6 Rdb8 25. Rxb8+ Rxb8 26. c5 Nxe5 27.
fxe5 Bxe5 28. Rd1 Rc8 29. a4 Bc3 30. Kf2 e5 31. Ke3 Kf7 32. Kd3 Bb4 33. Kc4 e4
34. Rc1 Ke6 35. Rc2 Ke5 36. Kb5 e3 37. c6 Bd2 38. Bxa5 Bxa5 39. Kxa5 Kd6 40. Kb6
Rb8+ 41. Ka7 Kc7 42. g3 g5 0-1

[Event "45th Olympiad 2024"]
[Site "Budapest HUN"]
[Date "2024.09.11"]
[Round "1.15"]
[Board "3"]
[White "Meftahi, Houssem"]
[Black "Korobov, Anton"]
[Result "0-1"]
[WhiteTitle "IM"]
[BlackTitle "GM"]
[WhiteElo "2112"]
[BlackElo "2650"]
[WhiteTeam "Tunisia"]
[BlackTeam "Ukraine"]
[WhiteFideId "5501660"]
[BlackFideId "14105730"]
[EventDate "2024.09.11"]

1. e4 c5 2. Nf3 d6 3. d4 cxd4 4. Nxd4 Nf6 5. Nc3 a6 6. Bc4 e6 7. Bb3 Be7 8. Bg5
O-O 9. f4 b5 10. Qf3 Bb7 11. O-O-O b4 12. Bxf6 Bxf6 13. Nce2 a5 14. Ba4 Na6 15.
g4 Rc8 16. Bb5 Nc5 17. Bd3 e5 18. g5 Bxg5 19. fxg5 Qxg5+ 20. Kb1 exd4 21. Nxd4
Qe5 22. Nf5 Na4 23. c3 Nxb2 24. Kxb2 Rxc3 25. Kb1 Rxd3 0-1

[Event "45th Olympiad 2024"]
[Site "Budapest HUN"]
[Date "2024.09.11"]
[Round "1.15"]
[Board "4"]
[White "Onyshchuk, Volodymyr"]
[Black "Amdouni, Zoubaier"]
[Result "1-0"]
[WhiteTitle "GM"]
[BlackTitle "FM"]
[WhiteElo "2610"]
[BlackElo "2151"]
[WhiteTeam "Ukraine"]
[BlackTeam "Tunisia"]
[WhiteFideId "14114038"]
[BlackFideId "5500419"]
[EventDate "2024.09.11"]

1. e4 c5 2. Nf3 Nc6 3. Bb5 g6 4. Bxc6 dxc6 5. h3 Bg7 6. d3 Nf6 7. Nc3 Nd7 8. Be3
e5 9. Qd2 h6 10. O-O b6 11. Nh2 Nf8 12. f4 exf4 13. Bxf4 Be6 14. Nf3 g5 15. Bh2
Ng6 16. Rae1 f6 17. Nd1 Qd7 18. Ne3 O-O-O 19. Nf5 Bxf5 20. exf5 Ne7 21. g4 h5
22. Re6 hxg4 23. hxg4 Nd5 24. Rfe1 Bf8 25. R1e4 Rh6 26. Qe1 Nc7 27. Bxc7 Qxc7
28. Re8 Qd7 29. R4e6 Bd6 30. Rxd8+ Kxd8 31. Nxg5 Bh2+ 32. Kg2 Be5 33. Nf3 Qh7
34. Rxe5 fxe5 35. g5 Rd6 36. Qxe5 Qe7 37. Qf4 Rd5 38. f6 Qd6 39. Qe4 c4 40. f7
Qe7 41. Qf4 Qf8 42. g6 cxd3 43. Qf6+ 1-0

[Event "45th Olympiad 2024"]
[Site "Budapest HUN"]
[Date "2024.09.11"]
[Round "1.16"]
[Board "1"]
[White "Sarana, Alexey"]
[Black "Juarez Flores, Carlos A."]
[Result "1-0"]
[WhiteTitle "GM"]
[BlackTitle "IM"]
[WhiteElo "2713"]
[BlackElo "2308"]
[WhiteTeam "Serbia"]
[BlackTeam "Guatemala"]
[WhiteFideId "24133795"]
[BlackFideId "7300018"]
[EventDate "2024.09.11"]

1. d4 d5 2. c4 e6 3. Nf3 Be7 4. g3 Nf6 5. Bg2 O-O 6. Nc3 c5 7. cxd5 exd5 8. O-O
Nc6 9. dxc5 Bxc5 10. Bg5 Be6 11. Rc1 Be7 12. Be3 Qa5 13. Qa4 Rfd8 14. Qxa5 Nxa5
15. Nb5 Bd7 16. Nbd4 Nc4 17. Bf4 Nxb2 18. Rb1 Na4 19. Rxb7 Nc5 20. Rb2 Na4 21.
Rb3 Nc5 22. Rbb1 Nfe4 23. Rfc1 f6 24. Nd2 Rac8 25. h4 h6 26. Be3 a6 27. Nxe4
dxe4 28. Rb6 Kf7 29. h5 Bg4 30. Nc6 Rd5 31. Nxe7 Kxe7 32. Rb4 Be6 33. f3 a5 34.
Rb6 Bd7 35. fxe4 Nxe4 36. Rxc8 Bxc8 37. Bxe4 Re5 38. Bb7 1-0

[Event "45th Olympiad 2024"]
[Site "Budapest HUN"]
[Date "2024.09.11"]
[Round "1.16"]
[Board "2"]
[White "Giron Chavez, David Emanuel"]
[Black "Indjic, Aleksandar"]
[Result "0-1"]
[WhiteTitle "FM"]
[BlackTitle "GM"]
[WhiteElo "2065"]
[BlackElo "2611"]
[WhiteTeam "Guatemala"]
[BlackTeam "Serbia"]
[WhiteFideId "7300697"]
[BlackFideId "911925"]
[EventDate "2024.09.11"]

1. d4 Nf6 2. c4 e6 3. Nc3 Bb4 4. e3 O-O 5. Bd3 d5 6. a3 Bxc3+ 7. bxc3 dxc4 8.
Bxc4 c5 9. Ne2 Nc6 10. O-O e5 11. a4 Qc7 12. Ba3 Na5 13. Ba2 b6 14. Rc1 Rd8 15.
Qc2 Ba6 16. Rfd1 Bc4 17. Bxc4 Nxc4 18. Qa2 Nxa3 19. Qxa3 Ne4 20. f3 Nd6 21. Kf2
Qe7 22. Qa2 e4 23. dxc5 Nf5 24. f4 Rd3 25. Nd4 Nxe3 26. Re1 Qh4+ 27. Kg1 bxc5
28. Nb3 Rc8 29. g3 Qh3 30. Qf2 Ng4 31. Qg2 Qxg2+ 32. Kxg2 f5 33. h3 Ne3+ 34. Kf2
Nc4 35. Kg2 Rb8 36. Nxc5 Rb2+ 37. Kh1 Rdd2 38. Rcd1 Rh2+ 39. Kg1 Rbg2+ 40. Kf1
Nd2+ 0-1

[Event "45th Olympiad 2024"]
[Site "Budapest HUN"]
[Date "2024.09.11"]
[Round "1.16"]
[Board "3"]
[White "Markus, Robert"]
[Black "Galvez Dastin, Eduardo"]
[Result "1-0"]
[WhiteTitle "GM"]
[BlackTitle "FM"]
[WhiteElo "2586"]
[BlackElo "2100"]
[WhiteTeam "Serbia"]
[BlackTeam "Guatemala"]
[WhiteFideId "921637"]
[BlackFideId "7300310"]
[EventDate "2024.09.11"]

1. d4 d5 2. Nf3 Nf6 3. c4 c6 4. Nc3 e6 5. e3 Nbd7 6. Qc2 Bd6 7. Be2 O-O 8. O-O
e5 9. cxd5 cxd5 10. dxe5 Nxe5 11. Rd1 Be6 12. Bd2 Rc8 13. Be1 Nxf3+ 14. Bxf3 Bb8
15. Qe2 Qc7 16. g3 Qe5 17. Nb5 Ne4 18. Nd4 Bh3 19. Rac1 a6 20. Rxc8 Rxc8 21. Bg4
Bxg4 22. Qxg4 Rd8 23. Bc3 Nxc3 24. bxc3 g6 25. Ne2 h5 26. Qb4 Qf5 27. Qe7 Qc8
28. Qg5 Rd6 29. Rxd5 Qc4 30. Rxd6 Bxd6 31. Qd8+ Kg7 32. Qxd6 Qxe2 33. Qd4+ Kg8
34. a3 b5 35. Kg2 Qa2 36. Qc5 Qe6 37. Qd4 Qa2 38. Qb4 Qd5+ 39. e4 Qc6 40. Qd4
Kf8 41. h3 f5 42. f3 fxe4 43. fxe4 Qe6 44. Kf3 Qxh3 45. Qf6+ Ke8 46. Qxg6+ Ke7
47. Kf4 Qf1+ 48. Ke5 Qe1 49. Qg7+ Ke8 50. Kd6 Qd2+ 51. Qd4 Qh6+ 52. Kd5 Qc1 53.
Qh8+ Kd7 54. Qg7+ Kd8 55. Kc6 Ke8 56. Qe5+ Kf8 57. Qc5+ Kg7 58. Kb6 Qe1 59. Qe5+ 1-0

[Event "45th Olympiad 2024"]
[Site "Budapest HUN"]
[Date "2024.09.11"]
[Round "1.16"]
[Board "4"]
[White "Aragon Trujillo, Ricardo M."]
[Black "Ivic, Velimir"]
[Result "0-1"]
[WhiteTitle "CM"]
[BlackTitle "GM"]
[WhiteElo "2057"]
[BlackElo "2599"]
[WhiteTeam "Guatemala"]
[BlackTeam "Serbia"]
[WhiteFideId "7303033"]
[BlackFideId "950122"]
[EventDate "2024.09.11"]

1. e4 c5 2. Nf3 d6 3. c3 Nf6 4. h3 Nc6 5. Bd3 g5 6. Bc2 g4 7. hxg4 Bxg4 8. Qe2
h5 9. d3 Qc7 10. a4 d5 11. Na3 a6 12. Rb1 O-O-O 13. Bd1 c4 14. exd5 cxd3 15.
Qxd3 Nxd5 16. Qc4 e6 17. b4 Bg7 18. Bb2 Nb6 19. Qe2 Ne5 20. a5 Nd5 21. O-O Nxf3+
22. gxf3 Bh3 23. Re1 Rhg8 24. Kh1 Bxc3 25. Rc1 Bg2+ 0-1

[Event "45th Olympiad 2024"]
[Site "Budapest HUN"]
[Date "2024.09.11"]
[Round "1.17"]
[Board "1"]
[White "Pace, Colin"]
[Black "Martirosyan, Haik M."]
[Result "0-1"]
[WhiteTitle "CM"]
[BlackTitle "GM"]
[WhiteElo "2186"]
[BlackElo "2667"]
[WhiteTeam "Malta"]
[BlackTeam "Armenia"]
[WhiteFideId "5600189"]
[BlackFideId "13306553"]
[EventDate "2024.09.11"]

1. e4 e5 2. Nf3 Nc6 3. Bc4 Bc5 4. c3 Nf6 5. d3 a6 6. Bb3 Ba7 7. O-O d6 8. Nbd2
h6 9. Re1 g5 10. d4 g4 11. Nh4 exd4 12. Nc4 Be6 13. e5 d5 14. exf6 Qxf6 15. Na5
Nxa5 16. Bxd5 dxc3 17. Be3 Bxe3 18. Rxe3 cxb2 19. Rb1 O-O-O 20. Bxe6+ fxe6 21.
Qe1 Nc4 22. Rxe6 Qxh4 23. Qc3 g3 0-1

[Event "45th Olympiad 2024"]
[Site "Budapest HUN"]
[Date "2024.09.11"]
[Round "1.17"]
[Board "2"]
[White "Sargsyan, Shant"]
[Black "Darmanin, Jake"]
[Result "1-0"]
[WhiteTitle "GM"]
[BlackTitle "CM"]
[WhiteElo "2649"]
[BlackElo "2119"]
[WhiteTeam "Armenia"]
[BlackTeam "Malta"]
[WhiteFideId "13306766"]
[BlackFideId "5601061"]
[EventDate "2024.09.11"]

1. e4 e5 2. Nf3 Nc6 3. Bb5 a6 4. Ba4 Nf6 5. O-O Be7 6. Re1 b5 7. Bb3 d6 8. c3
O-O 9. h3 Na5 10. Bc2 c5 11. d4 Qc7 12. d5 Bd7 13. b3 Nb7 14. Be3 c4 15. b4 a5
16. a4 bxa4 17. Na3 axb4 18. cxb4 Rab8 19. Nd2 Rfc8 20. Ndxc4 Nd8 21. Rb1 Be8
22. Bd3 h6 23. Re2 Nh7 24. Rc2 Qb7 25. b5 f5 26. Na5 Qa8 27. Nc6 Nxc6 28. dxc6
d5 29. exd5 Bxa3 30. Bxf5 Bd6 31. b6 Rd8 32. b7 Qa5 33. Bb6 Qa6 34. Bd3 1-0

[Event "45th Olympiad 2024"]
[Site "Budapest HUN"]
[Date "2024.09.11"]
[Round "1.17"]
[Board "3"]
[White "Novak, Attila Robert"]
[Black "Hovhannisyan, Robert"]
[Result "0-1"]
[BlackTitle "GM"]
[WhiteElo "2135"]
[BlackElo "2619"]
[WhiteTeam "Malta"]
[BlackTeam "Armenia"]
[WhiteFideId "727067"]
[BlackFideId "13302507"]
[EventDate "2024.09.11"]

1. d4 Nf6 2. Nf3 d5 3. g3 Bf5 4. c4 e6 5. Nc3 h6 6. cxd5 exd5 7. Qb3 Nc6 8. Bf4
Na5 9. Qa4+ c6 10. Bg2 Nc4 11. Qb3 Qb6 12. O-O g5 13. Be5 Nxe5 14. dxe5 Nd7 15.
Qxb6 axb6 16. Nd4 Bg6 17. e6 Nf6 18. e4 dxe4 19. Rfe1 Bc5 20. exf7+ Kxf7 21. Nb3
Bb4 22. Nd2 Rhe8 23. Bxe4 Nxe4 24. Ndxe4 Rxe4 25. Nxe4 Bxe1 26. Rxe1 Rxa2 27.
Nd6+ Kf6 28. Re2 Bh5 29. f3 Bxf3 30. Rd2 Bd5 31. Ne8+ Ke5 32. Kf2 Ra8 33. Nc7
Rf8+ 34. Ke3 Rd8 35. Nxd5 Rxd5 36. Re2 Kd6 37. Rf2 Ke6 38. Rf8 h5 39. Rh8 g4 40.
Kf4 Rf5+ 41. Ke4 Rb5 42. Rh6+ 0-1

[Event "45th Olympiad 2024"]
[Site "Budapest HUN"]
[Date "2024.09.11"]
[Round "1.17"]
[Board "4"]
[White "Grigoryan, Karen H."]
[Black "Mizzi, Jack"]
[Result "1-0"]
[WhiteTitle "GM"]
[BlackTitle "CM"]
[WhiteElo "2569"]
[BlackElo "2053"]
[WhiteTeam "Armenia"]
[BlackTeam "Malta"]
[WhiteFideId "13301004"]
[BlackFideId "5602521"]
[EventDate "2024.09.11"]

1. c4 e5 2. d3 d6 3. Nc3 f5 4. g3 Nf6 5. Bg2 c6 6. Nf3 Be7 7. O-O O-O 8. c5 Na6
9. cxd6 Bxd6 10. a3 Nc7 11. e4 fxe4 12. dxe4 Ne6 13. h3 Qe7 14. b4 a5 15. b5 Nc5
16. Be3 Be6 17. bxc6 Bb3 18. Qb1 a4 19. cxb7 Nxb7 20. Nd5 Nxd5 21. exd5 g6 22.
Nd2 Na5 23. Ne4 Nc4 24. Bg5 Qb7 25. Rc1 Qa7 26. Qd3 Rac8 27. Rc3 Be7 28. Bxe7
Qxe7 29. Rac1 Nb2 30. d6 Qa7 31. Qb5 Rxc3 32. Rxc3 Qd4 33. Rc7 Be6 34. Qb7 Rf7
35. Rxf7 Bxf7 36. d7 1-0

[Event "45th Olympiad 2024"]
[Site "Budapest HUN"]
[Date "2024.09.11"]
[Round "1.18"]
[Board "1"]
[White "Deac, Bogdan-Daniel"]
[Black "Ortega Amarelle, Mariano"]
[Result "1-0"]
[WhiteTitle "GM"]
[BlackTitle "IM"]
[WhiteElo "2680"]
[BlackElo "2453"]
[WhiteTeam "Romania"]
[BlackTeam "Cape Verde"]
[WhiteFideId "1226380"]
[BlackFideId "3504301"]
[EventDate "2024.09.11"]

1. Nf3 d5 2. g3 Nf6 3. Bg2 e6 4. O-O Be7 5. c4 O-O 6. d3 c5 7. Ne5 b6 8. e4 dxe4
9. dxe4 Bb7 10. Nc3 Nfd7 11. Nxd7 Nxd7 12. f4 Bf6 13. e5 Bxg2 14. Kxg2 Be7 15.
Qe2 Qc7 16. Qe4 a6 17. Be3 Rae8 18. Rad1 f5 19. Nd5 Qc8 20. Nxe7+ Rxe7 21. Qf3
Qa8 22. Rd6 Qxf3+ 23. Kxf3 Rc8 24. Rfd1 Rc7 25. g4 fxg4+ 26. Kxg4 Rb7 27. Rc6
Re8 28. Rdd6 Kf7 29. b3 a5 30. Bf2 h6 31. h4 g6 32. h5 g5 33. Bg3 gxf4 34. Bxf4
a4 35. bxa4 Ra7 36. Rd3 Rb8 37. Kf3 Rbb7 38. Rcd6 Ke7 39. Bg3 Nb8 40. Ra3 b5 41.
cxb5 Rxb5 42. Bh4+ Kf7 43. Kg3 Rb4 44. Rf3+ Kg7 45. Rxe6 Rbxa4 46. Bf6+ Kf7 47.
Rd6 Re4 48. e6+ 1-0

[Event "45th Olympiad 2024"]
[Site "Budapest HUN"]
[Date "2024.09.11"]
[Round "1.70"]
[White "Alho, Diogo"]
[Black "Shevchenko, Kirill"]
[Result "0-1"]
[WhiteTitle "FM"]
[BlackTitle "GM"]
[WhiteElo "2192"]
[BlackElo "2673"]
[WhiteTeam "Cape Verde"]
[BlackTeam "Romania"]
[WhiteFideId "1901559"]
[BlackFideId "14129574"]
[EventDate "2024.09.11"]

1. d4 Nf6 2. Nf3 g6 3. g3 Bg7 4. Bg2 O-O 5. O-O d6 6. a4 Na6 7. Nc3 c5 8. e4
cxd4 9. Nxd4 Bd7 10. h3 Nb4 11. Be3 Rc8 12. Qd2 a6 13. Rfe1 e5 14. Nde2 Be6 15.
Red1 Qa5 16. Rac1 Rfd8 17. Nd5 Nfxd5 18. exd5 Bf5 19. c3 Nd3 20. Ra1 e4 21. g4
Bd7 22. Bxe4 Ne5 23. b3 f5 24. gxf5 Bxf5 25. Bg2 Bxh3 26. Rac1 Re8 27. c4 Qd8
28. Bf4 Qh4 29. Bg3 Qg4 30. Nd4 Rf8 31. Qe2 Qxe2 32. Nxe2 Bg4 33. Kf1 Rce8 34.
Rc2 Bh6 35. Ra1 Nf3 36. Rd1 Be3 37. Bxd6 Nd2+ 0-1

[Event "45th Olympiad 2024"]
[Site "Budapest HUN"]
[Date "2024.09.11"]
[Round "1.18"]
[Board "3"]
[White "Lupulescu, Constantin"]
[Black "Mirulla, David"]
[Result "1-0"]
[WhiteTitle "GM"]
[WhiteElo "2590"]
[BlackElo "1904"]
[WhiteTeam "Romania"]
[BlackTeam "Cape Verde"]
[WhiteFideId "1207822"]
[BlackFideId "2830235"]
[EventDate "2024.09.11"]

1. d4 Nf6 2. c4 g6 3. Nc3 Bg7 4. e4 d6 5. Be2 O-O 6. Be3 Nc6 7. d5 Ne5 8. f4
Neg4 9. Bd2 h5 10. h3 Nh6 11. Nf3 e6 12. O-O Qe7 13. Qc2 Re8 14. Rae1 Nd7 15.
Qc1 f5 16. dxe6 Nb6 17. Nd5 Qd8 18. e7 Qd7 19. e5 Nxd5 20. cxd5 dxe5 21. fxe5
Kh7 22. Ng5+ Kh8 23. Ne6 Nf7 24. Nxg7 1-0